| 000 | 00559nam a22001817a 4500 | ||
|---|---|---|---|
| 999 |
_c16732 _d16732 |
||
| 003 | AR-CdUCM | ||
| 008 | 190504b ||||| |||| 00| 0 spa d | ||
| 040 |
_aMUNICIPALIDAD PROVINCIAL DEL CUSCO _cBIBLIOTECA MUNICIPAL DEL CUSCO |
||
| 082 |
_a330.15 / _bK83 |
||
| 100 |
_aKropotkine, Principe P. _936344 |
||
| 245 | _aCampos, fabricas y talleres / | ||
| 260 |
_aValencia : _bSempere, |
||
| 300 |
_a187 páginas ; _c19 cm. |
||
| 505 | _aContenido :Campos, fabricas y talleres. | ||
| 650 |
_aFabrica. _936345 |
||
| 942 |
_2ddc _cLIBROS |
||
| 945 |
_arum _d2019-05-04 |
||